000 00378nam a2200145Ia 4500
008 151213s9999 xx 000 0 und d
100 _aJ . B. Mokinney
245 _aRisking a Nation
_cJ . B. Mokinney
260 _aNew York
_bUniversity Press of America
_c1995
300 _a2677 p.
650 _aEconomics
650 _aEconomics
700 _aJ . B. Mokinney
999 _c1789
_d1789